00689nam a22001697a 45000050016000000200023000160350013000390370013000521000033000652450176000982600030002743000025003047000027003299420025003569990017003819520121003982012022206176.0 a8189640216c645.00 aB-220501 aDPLbENG aVenkatappaiah, Velaga942792 aPublic library legislation in the new millennium :bNew model public library acts for the Union, States and Union Territories /cby Velaga Venkatappaiah and M. Madhusudhan aNew DelhibBookwellc2006 axiii, 312p.c20 cms. aMadhusudhan, M.942793 2ddccENh021.89mVEN c63310d63310 001040708NFICaZLSbZLSd2012-02-22g645.00l0o021.89 VENpB-220501r2012-02-22 00:00:00v645.00w2012-02-22yEN